01218njm a2200277Ia 4500001000600000003000900006005001700015008004100032040001300073040001300086041001300099100001800112100001800130100003800148245002300186250001100209260001100220260007600231300001700307300003000324500014400354505024000498650005800738700008200796700006200878C1741IT-RoPAU20220918181146.0131025s9999 xx 000 0 und d aIT-RoPAU cIT-RoPAU aITALIANO aJannacci Enzo eAutore musica gCodice autore musica SPICS: 10956 aSoliti accordi (I) a1a ed. aITALIA bDDD - DROGUERIA DI DRUGOLOc1994 [1a Ed.:1994 - Ed. Lingua Orig.: 1994] aCOMPACT DISC c51 minuti (Testo: 0 pag.) aMusica leggera. Canzone italiana. Cantautore. Il brano "I soliti accordi" è stato realizzato in collaborazione con Paolo Rossi. Fo Dario. aI soliti accordi - Il primo furto non si scorda mai - Io ero quello là - Diagonale - Il bonzo - Per la moto non si dà - Rap della moto - E adesso - Parlare col liquido - Occhi di soldato - Tutti gli uomini del re - L'uomo di gesso. aCANTAUTORI [COMPACT DISC]eCodice MATERIA SPICS: 9949 aJannacci EnzoeAutore testo e musicagCodice autore testo/musica SPICS: 10956 aJannacci EnzogCodice interprete SPICS: 10956eInterprete